<?xml version="1.0" encoding="UTF-8"?>
<marc:record xmlns:marc="http://www.loc.gov/MARC21/slim">
   <marc:leader>00000nam a2200000 a 4500</marc:leader>
   <marc:datafield ind1="1" ind2=" " tag="100">
      <marc:subfield code="a">Maiwald, Jule</marc:subfield>
      <marc:subfield code="4">aut</marc:subfield>
      <marc:subfield code="e">Verfasser/-in</marc:subfield>
   </marc:datafield>
   <marc:datafield ind1="0" ind2="0" tag="245">
      <marc:subfield code="a">Nach ihm die Sintflut</marc:subfield>
   </marc:datafield>
   <marc:datafield ind1="0" ind2="0" tag="245">
      <marc:subfield code="b">Roman</marc:subfield>
   </marc:datafield>
   <marc:datafield ind1="0" ind2="0" tag="245">
      <marc:subfield code="c">Jule Maiwald</marc:subfield>
   </marc:datafield>
   <marc:datafield ind1=" " ind2="1" tag="264">
      <marc:subfield code="a">Reinbek bei Hamburg</marc:subfield>
      <marc:subfield code="b">Rowohlt Taschenbuch Verlag</marc:subfield>
   </marc:datafield>
   <marc:datafield ind1="1" ind2=" " tag="490">
      <marc:subfield code="a">Rororo</marc:subfield>
      <marc:subfield code="v">27233</marc:subfield>
   </marc:datafield>
   <marc:datafield ind1=" " ind2=" " tag="250">
      <marc:subfield code="a">Originalausgabe</marc:subfield>
   </marc:datafield>
   <marc:datafield ind1="1" ind2=" " tag="520">
      <marc:subfield code="a">Angaben aus der Verlagsmeldung

Nach ihm die Sintflut / von Jule Maiwald

Witzig, charmant und unbeschwert - ein Roman für alle, die schon mal Liebeskummer hatten

2. Verkaufsargument (ca. 70 Zeichen = einzeilig, max. 150 Zeichen = dreizeilig)
Scheidungspartys sind im Trend. Dies ist der Roman dazu: In den USA und Japan gibt es bereits einen großen Markt für Agenturen, die mit entsprechenden Ritualen das Ende einer Ehe zelebrieren.

Wenn notwendig: 3. Verkaufsargument

Pressestimmen (max. 3 Stück, max. 420 Zeichen)

Headlinevorschlag für linke Seite bei SPT oder DS

Schmonze (max. 640 Zeichen)
Kurz vor ihrem 40. Geburtstag versammelt Anne die besten Freundinnen zur Beerdigung ihres Mannes Richard um sich. Doch Richard ist keineswegs gestorben, er lebt und ist quietschvergnügt - mit einer anderen. Erst als sie Richard symbolisch unter die Erde gebracht hat, kommt Anne wieder auf die Füße. Sie will weiter an die Liebe glauben. Und anderen Frauen in ähnlicher Situation helfen. Kurzerhand gründet sie eine Agentur für Scheidungsrituale. Von der Voodoo-Puppe bis zur extravaganten Trennungsparty - der Laden brummt. Auch in Annes eigenes Liebesleben kommt wieder Bewegung. Doch dann erhält sie den Auftrag einer verzweifelten Frau, die sich an ihrem untreuen Mann rächen will. Und der Schürzenjäger ist kein Geringerer als Annes neue Flamme …

Autorenbio (max. 500 Zeichen)
Hinter dem Pseudonym Jule Maiwald verbergen sich zwei Hamburger Autorinnen, die als Journalistinnen für diverse Frauenzeitschriften sowie als Redenschreiberinnen arbeiten. Sie sind seit vielen Jahren befreundet und haben schon diverse Beziehungskatastrophen und Trennungen zusammen durchgestanden. Sie waren auch schon mal auf einer Scheidungsparty. Zum Glück nicht auf ihrer eigenen. Inzwischen leben sie beide in glücklichen Patchworkfamilien mit insgesamt zwei Männern, fünf Kindern und einem Hund.
</marc:subfield>
   </marc:datafield>
   <marc:datafield ind1=" " ind2=" " tag="020">
      <marc:subfield code="a">9783499272332</marc:subfield>
      <marc:subfield code="9">9783499272332</marc:subfield>
   </marc:datafield>
   <marc:datafield ind1=" " ind2=" " tag="020">
      <marc:subfield code="a">3499272334</marc:subfield>
      <marc:subfield code="9">3499272334</marc:subfield>
   </marc:datafield>
   <marc:datafield ind1=" " ind2=" " tag="041">
      <marc:subfield code="a">ger</marc:subfield>
   </marc:datafield>
   <marc:datafield ind1=" " ind2=" " tag="300">
      <marc:subfield code="a">381 Seiten</marc:subfield>
   </marc:datafield>
</marc:record>
